000 00560nam a22001697a 4500
005 20251108170604.0
008 250721s2000 xx 000 0 ara d
082 1 4 _a621.317/جاب
100 1 _aجابر، كاظم
245 1 0 _aلوحات التحكم الكهربائية :
_bتجميعها و خدمة عناصرها /
264 1 _aعمان :
_bدار الصفاء للنشر و التوزيع،
_c2000.
300 _a300ص
650 1 7 _aالهندسة الكهربائية
650 1 7 _aلوحات التحكم
942 _2ddc
_cBK
999 _c44184
_d44184